People and place: the extraordinary geographies of everyday life

Saved in:
Bibliografiske detaljer
Main Authors: Holloway, Lewis (Author), Hubbard, Phil (Author)
Format: Bog
Sprog:engelsk
Udgivet: Nueva York Routledge Taylor and Francis Group 2013
Udgivelse:1a. ed
Fag:
Tags: Tilføj Tag
Ingen Tags, Vær først til at tagge denne postø!

MARC

LEADER 00000cam a2200000 a 4500
001 UCD5943
003 CL-VaPUC
008 161104e20130000us |||||||||||||||||eng|d
020 |a 0582382122 
082 0 4 |a 304.28  |b HOL  |2 21 
100 0 |a Holloway, Lewis  |e author  |9 589716 
700 |a Hubbard, Phil  |e author  |9 589717 
245 1 0 |a People and place: the extraordinary geographies of everyday life 
250 |a 1a. ed 
300 |a 279 p 
942 |c BK 
945 |d 20161104 11:00:00  |a arojas 
260 |a Nueva York  |b Routledge Taylor and Francis Group  |c 2013 
650 0 |a Geografía humana  |9 267193 
650 0 |a Ecología humana   |9 263207 
583 |a last modification  |c 20161104 11:00:00  |k Rodrigo Vera 
999 |c 366446  |d 366444 
952 |0 0  |1 0  |3 erb  |4 0  |6 304_280000000000000_HOL_2013  |7 0  |8 A  |9 480688  |a BIBING  |b BIBING  |i 5346355  |o 304.28 HOL 2013  |p 5346355  |r 2025-01-20  |w 2019-11-24  |y BK  |z Catalogado en:20161104  |k GEO